000 00755nam a2200205 a 4500
001 BRCA_142
005 20190320202910.0
008 051005s1998----mx-#---###---#000-0#spa-#
050 4 _aF1226
_b.B53 1998
100 1 _aBustamante, Carlos María de
_d1774-1848
_9555
245 1 0 _aSuplemento a la historia de los tres siglos de Méjico del P. Andrés Cavo
_cCarlos María de Bustamante.
260 _aMéxico
_bBiblioteca Mexicana de la Fundación Miguel Alemán
_c1998
300 _a1115 p.
_c23 cm.
500 _aFacsímil de: 1870
500 _aIncluye índice onomástico
650 1 4 _aMéxico
_xHistoria
_yColonia, 1540-1810
_9556
650 1 4 _aMéxico
_xHistoria
_yGuerra de Independencia, 1810-1821
_9557
700 1 _aCavo, Andrés
_9558
942 _2lcc
_cB
999 _c123
_d123